Catalog

Record Details

Catalog Search



Grumpy monkey. Oh, no! Christmas  Cover Image Book Book

Grumpy monkey. Oh, no! Christmas / by Suzanne Lang ; illustrated by Max Lang.

Lang, Suzanne, (author.). Lang, Max, 1982- (illustrator.).

Summary:

The jungle animals try to share their excitement over Christmas with Jim Panzee, but he feels too grumpy to appreciate their efforts.

Record details

  • ISBN: 9780593306093
  • ISBN: 0593306090
  • ISBN: 9780593306109
  • ISBN: 0593306104
  • Physical Description: 1 volume (unpaged) : color illustrations ; 27 cm
  • Edition: First edition.
  • Publisher: New York : Random House Studio, [2021]

Content descriptions

Target Audience Note:
Ages 3-7. Random House Children's Books.
Grades K-1. Random House Children's Books.
Subject: Christmas stories.
Chimpanzees > Juvenile fiction.
Mood (Psychology) > Juvenile fiction.
Jungle animals > Juvenile fiction.
Christmas > Fiction.
JUVENILE FICTION / Holidays & Celebrations / Christmas & Advent.
JUVENILE FICTION / Animals / Apes, Monkeys, etc.
JUVENILE FICTION / Social Themes / Emotions & Feelings.
Mood (Psychology)
Chimpanzees.
Jungle animals.
Christmas.
Genre: Christmas stories.
Christmas stories.
Children's stories > Pictorial works.
Christmas fiction.

Available copies

  • 1 of 1 copy available at scottsboropl.

Holds

  • 0 current holds with 1 total copy.
Show Only Available Copies
Location Call Number / Copy Notes Barcode Shelving Location Status Due Date
scottsboropl E Lan 32269001176273 Juvenile - Easy Available -

LDR 03110cam a22007458i 4500
001156921
003SBPL
00520211118170248.0
008201203s2021 nyua b 000 1 eng
010 . ‡a 2020050027
040 . ‡aDLC ‡beng ‡erda ‡cDLC ‡dOCLCO ‡dJSE ‡dIK2 ‡dOCLCO ‡dILC ‡dOCLCO ‡dYDX ‡dBDX ‡dSDG ‡dUKMGB ‡dOCLCF ‡dDUD ‡dTOH ‡dYEQ
015 . ‡aGBC1D5129 ‡2bnb
015 . ‡aGBC1D5128 ‡2bnb
0167 . ‡a020297848 ‡2Uk
0167 . ‡a020297847 ‡2Uk
019 . ‡a1236091069 ‡a1236091377 ‡a1264401038 ‡a1264401240
020 . ‡a9780593306093 ‡q(trade hardcover)
020 . ‡a0593306090 ‡q(trade hardcover)
020 . ‡a9780593306109 ‡q(library binding)
020 . ‡a0593306104 ‡q(library binding)
020 . ‡z9780593306116 ‡q(ebook)
035 . ‡a(OCoLC)1226077030 ‡z(OCoLC)1236091069 ‡z(OCoLC)1236091377 ‡z(OCoLC)1264401038 ‡z(OCoLC)1264401240
042 . ‡apcc ‡alcac
05000. ‡aPZ7.1.L3437 ‡bGrv 2021
08200. ‡a[E] ‡223
1001 . ‡aLang, Suzanne, ‡eauthor.
24510. ‡aGrumpy monkey. ‡pOh, no! Christmas / ‡cby Suzanne Lang ; illustrated by Max Lang.
24630. ‡aOh, no! Christmas
250 . ‡aFirst edition.
263 . ‡a2109
264 1. ‡aNew York : ‡bRandom House Studio, ‡c[2021]
300 . ‡a1 volume (unpaged) : ‡bcolor illustrations ; ‡c27 cm
336 . ‡atext ‡btxt ‡2rdacontent
336 . ‡astill image ‡bsti ‡2rdacontent
337 . ‡aunmediated ‡bn ‡2rdamedia
338 . ‡avolume ‡bnc ‡2rdacarrier
4900 . ‡aGrumpy monkey
521 . ‡aAges 3-7. ‡bRandom House Children's Books.
521 . ‡aGrades K-1. ‡bRandom House Children's Books.
520 . ‡aThe jungle animals try to share their excitement over Christmas with Jim Panzee, but he feels too grumpy to appreciate their efforts.
650 0. ‡aChristmas stories.
650 0. ‡aChimpanzees ‡vJuvenile fiction.
650 0. ‡aMood (Psychology) ‡vJuvenile fiction.
650 0. ‡aJungle animals ‡vJuvenile fiction.
650 1. ‡aChristmas ‡vFiction.
650 7. ‡aJUVENILE FICTION / Holidays & Celebrations / Christmas & Advent. ‡2bisacsh
650 7. ‡aJUVENILE FICTION / Animals / Apes, Monkeys, etc. ‡2bisacsh
650 7. ‡aJUVENILE FICTION / Social Themes / Emotions & Feelings. ‡2bisacsh
650 7. ‡aMood (Psychology) ‡2fast ‡0(OCoLC)fst01025926
650 7. ‡aChimpanzees. ‡2fast ‡0(OCoLC)fst00857088
650 7. ‡aJungle animals. ‡2fast ‡0(OCoLC)fst00984868
650 7. ‡aChristmas. ‡2fast ‡0(OCoLC)fst00859787
655 0. ‡aChristmas stories.
655 7. ‡aChristmas stories. ‡2fast ‡0(OCoLC)fst01726561
655 7. ‡aChildren's stories ‡vPictorial works. ‡2gsafd
655 7. ‡aChristmas fiction. ‡2lcgft
7001 . ‡aLang, Max, ‡d1982- ‡eillustrator.
77608. ‡iOnline version: ‡aLang, Suzanne. ‡tGrumpy monkey oh, no! Christmas. ‡dNew York : Random House Children's Books, [2022] ‡z9780593306116 ‡w(DLC) 2020050028
938 . ‡aBrodart ‡bBROD ‡n128573775
938 . ‡aYBP Library Services ‡bYANK ‡n17242036
938 . ‡aYBP Library Services ‡bYANK ‡n17242035
0291 . ‡aUKMGB ‡b020297848
0291 . ‡aUKMGB ‡b020297847
994 . ‡aZ0 ‡bMWL
948 . ‡hNO HOLDINGS IN MWL - 394 OTHER HOLDINGS
901 . ‡a156921 ‡b ‡c156921 ‡tbiblio

Additional Resources